000 00707nam a2200277Ia 4500
008 171025s9999 xx 000 0 und d
020 _a9780062010964
050 _a920
050 _bP162 2010
100 _aPalin, Sarah
245 _aAmerica by heart :
245 _breflections on family, faith, and flag /
245 _cby Sarah Palin.
260 _aNew York :
260 _bHarper Collins,
260 _c2010
300 _axxii, 272 pages :
300 _billustrations ;
300 _c21cm.
500 _aIncludes bibliographic reference.
650 _aNationalism --
650 _aPalin, Sarah, -- 1964 --
650 _xEthics.
650 _xUnited States.
700 _aTitle.
999 _c344456
_d344456